| 000 | 004430000a22001810004500 | ||
|---|---|---|---|
| 003 | MACL | ||
| 005 | 20151222124904.0 | ||
| 008 | 151222b xxu||||| |||| 00| 0 eng d | ||
| 040 |
_aMACL _cMACL |
||
| 041 | _aEnglish | ||
| 082 | _a294.54/SIN | ||
| 100 |
_aSinha, A K _921865 |
||
| 245 | _aScience and Tantra Yoga | ||
| 260 |
_bVishal Publications _c1981 _aIndia |
||
| 350 | _a140 | ||
| 650 |
_aReligion _921866 |
||
| 942 |
_cBK _k294.54/SIN _2ddc |
||
| 999 |
_c40807 _d40807 |
||